LEADER 00940nam a2200241 i 4500 001 000000042939 003 CaOOAMICUS 005 20120316000000.0 008 120316s1994 xx u000 u eng u 013 $a14109 020 $a0-232-52065-8 040 $aSeMil$bita 100 1 $aGallagher, Michael Paul .$0(OLS)http://semarc/name/90489 245 10$aLetters on Prayer /$cMichael Paul Gallagher sj. 260 $aLondon :$bDarton, Longman & Todd,$c1994. 300 $aIX, 100 p. ;$c20 cm. 650 4$aPreghiera.$0(OLS)http://semarc/subject/1091 850 $aSeMil 852 $aSeMil$W1$xVenegono$y1$m2C IV 290$j9094$B9094$CSeMilBibl$Z2$F9094 $81 961 $aOmaggio: Brambilla don Franco Giulio 996 $6020$a0-232-52065-8$9(OLS)http://semarc/number/14368 996 $6245$aLetters on Prayer$9(OLS)http://semarc/title/62852 996 $6260$aLondon :$bDarton, Longman & Todd$9(OLS)http://semarc/publisher/35603 LEADER 01222nam a2200265 i 4500 001 000000107451 003 CaOOAMICUS 005 20161018000000.0 008 161018s1998 it u000 u ita u 013 $a79707 020 $a88-86916-02-7 040 $aSeMil$bita 100 1 $aBenetti, Dario.$0(OLS)http://semarc/name/45230 245 13$aIl paesaggio lombardo :$bidentità, conservazione e sviluppo /$cDario Benetti ... [et al.] ; a cura di Dario Benetti e Santino Langé. 260 $aSondrio :$bCooperativa editoriale Quaderni Valtellinesi,$c1998. 300 $a269 p. ;$c23 cm. 500 $aSul front. : Regione Lombardia. 650 4$aLombardia - Paesaggio - Sec. 18.-20.$0(OLS)http://semarc/subject/18849 700 1 $aLangé, Santino.$0(OLS)http://semarc/name/20375 850 $aSeMil 852 $aSeMil$W1$xVenegono$y1$m4Y IV 189$j63547$B63547$CSeMilBibl$Z2$F214823 $81 961 $aOmaggio: Giudici Ecc. Giovanni 996 $6020$a88-86916-02-7$9(OLS)http://semarc/number/88461 996 $6245$aIl paesaggio lombardo :$bidentità, conservazione e sviluppo$9(OLS)http://semarc/title/155973 996 $6260$aSondrio :$bCooperativa editoriale Quaderni Valtellinesi$9(OLS)http://semarc/publisher/44907 LEADER 01466nam a2200313 i 4500 001 000000118307 003 CaOOAMICUS 005 20050824000000.0 008 050824s1992 it u000 u ita u 013 $a91000 020 $a88-422-0355-6 040 $aSeMil$bita 100 1 $aGiusti, Annamaria.$0(OLS)http://semarc/name/49391 245 10$aPietre dure :$bl'arte europea del mosaico negli arredi e nelle decorazioni dal 1500 al 1800 /$cAnna Maria Giusti ; prefazione di Alvar Gonzales-Palacios. 260 $aTorino :$bUmberto Allemandi & C.,$ccopyr. 1992. 300 $a311 p. :$briccamente ill. ;$c30 cm. 490 0 $aArchivi di arti decorative 500 $aContiene : Appendice ; Bibliografia. - Fondo Ciprandi. 650 4$aMosaici.$0(OLS)http://semarc/subject/19979 650 4$aTarsie in pietre dure.$0(OLS)http://semarc/subject/22058 700 1 $aGonzales-Palacios, Alvar.$0(OLS)http://semarc/name/8859 830 0$aArchivi di arti decorative.$0(OLS)http://semarc/title/13064 850 $aSeMil 852 $aSeMil$W1$xVenegono$y1$m5S X 11$j73623$B73623$CSeMilBibl$Z2$F101994 $8I 941 1 $a1 961 $aOmaggio: Ciprandi dott. Paolo 996 $6020$a88-422-0355-6$9(OLS)http://semarc/number/102916 996 $6245$aPietre dure :$bl'arte europea del mosaico negli arredi e nelle decorazioni dal 1500 al 1800$9(OLS)http://semarc/title/173787 996 $6260$aTorino :$bUmberto Allemandi & C.$9(OLS)http://semarc/publisher/32704 LEADER 00568nam a2200169 i 4500 001 000000103829 003 CaOOAMICUS 005 20011017000000.0 008 011017s1939 fr u000 u fre u 013 $a76010 040 $aSeMil$bita 245 10$aDinouart-Emser. 300 $aC. 1363 - 2500. 773 0 $tDictionnaire de théologie catholique.$dParis : Letouzey et Ané, 1930-1972.$gTome4$w()999 850 $aSeMil 852 $aSeMil$W1$xVenegono$y1$mSL1.Q VII 31/2$j60277$B60277$CSeMilBibl$Z2$F44758 $8I 996 $6245$aDinouart-Emser$9(OLS)http://semarc/title/150668